10 best Phineas and Ferb songs (my opinion (fact)) - Statistics

General Stats
  • This quiz has been taken 78 times
  • The average score is 3 of 10
Answer Stats
Ranking Answer % Correct
#6 Busted
71%
#1 Squirrels in my pants
58%
#8 Aglet
41%
#2 There's a platypus controlling me
39%
#3 Ain't got rhythm
32%
#4 Evil boys
31%
#5 Perry the platypus theme
25%
#7 Somebody give me a grade
19%
#9 My nemesis
15%
#10 Big honkin' hole in my heart
10%
No matching quizzes found
Score Distribution
Percent of People with Each Score
Percentile by Number Answered
Your Score History
You have not taken this quiz